| 000 | nam a22 a 4500 | ||
|---|---|---|---|
| 999 |
_c188391 _d188391 |
||
| 003 | BLK | ||
| 005 | 20221124084321.0 | ||
| 008 | 180411b bul|||||r ||||||| ||bul|| | ||
| 010 | _aKNG00197409000 | ||
| 040 | _aBLK | ||
| 041 |
_aBUL _cBUL |
||
| 080 |
_aЛов на бозайници _b639.11 _z639.11 |
||
| 080 |
_aАнглийска литература _b821.111 _x-4 _z821.111-4 |
||
| 100 | 1 |
_aХантър, Джон _eпърви автор _9136111 |
|
| 139 |
_aХантър, Джон _bХ 25 |
||
| 245 | 1 | 0 |
_aСаваните на Кения _bОчерци за лов на диви животни _cДжон Хантър; прев. от англ. Светлана Стефанова; прев. от англ. Весела Илиева |
| 250 | _a2. изд. | ||
| 257 | _aBGR | ||
| 260 |
_aСофия _bЗемиздат _c1979 _fПерник : В. Андреев |
||
| 300 |
_a247 с. _c20 см |
||
| 380 | _a63 | ||
| 490 |
_aЛовни приключения _9205037 |
||
| 500 | _aОриг. загл. Hunter. - 1. изд. 1968. | ||
| 650 | 4 |
_aЛов _9160724 |
|
| 651 | 4 |
_aКения _9179025 |
|
| 700 | 1 |
_aСтефанова, Светлана _eпрев. от англ. _9366903 |
|
| 700 | 1 |
_aИлиева, Весела _eпрев. от англ. _9371339 |
|
| 852 | _aЦб 97023 | ||
| 856 | 4 |
_qpdf _i0.00 _ldisable |
|
| 942 |
_cKNG _n0 _s1 |
||
| 944 |
_aCR _c05.12.2016 _kНора_Радева |
||
| 944 |
_aED _c05.12.2016 _kНора_Радева |
||